• 首页
  • 本馆介绍
  • 公告通知
  • 最新文献
  • 馆藏检索
  • 电子资源
  • 读者导购
  • 参考咨询
  • 我的图书馆
  • 登录
  • 详细信息显示
  • 放入我的书架
  • 预约/预借图书
  • 作者相关作品
  • 分类相关作品
  • 丛书相关作品
  • 出版社相关作品

书目信息

  • 表格格式
  • 工作单格式
  • 卡片格式
题名:
固体物理
    
 
作者: 韦丹 著
分册:  
出版信息: 北京   清华大学出版社  2007.10
页数: 10, 278页
开本: 26cm
丛书名: 材料科学与工程系列
单 册:
中图分类: O48
科图分类:
主题词: 固体物理学--gu ti wu li xue
电子资源:
ISBN: 978-7-302-15996-4
000 01069nam 2200289 450
001 0000890728
005 20110112164948.0
010    @a978-7-302-15996-4@dCNY33.00
100    @a20071105d2007 am y0chiy0121 ea
101 0  @achi
102    @aCN@b110000
105    @aa z 000yy
106    @ar
200 1  @a固体物理@Agu ti wu li@f韦丹 著@Fwei dan zhu@d
205    @a第2版
210    @a北京@c清华大学出版社@d2007.10
215    @a10, 278页@c图@d26cm
225 2  @a材料科学与工程系列@Acai liao ke xue yu gong cheng xi lie
330    @a作为一本简明的固体物理教材,作者力图从原创的科学家的思想出发,介绍固体物理学中主要的概念、实验和理论,其中包括了固体物理学史、化学键与晶体形成、固体结构、晶体振动和固体热性质、固体电子理论、固体的电性质(输运过程)、固体的磁性、固体的介电性质和光学性质等内容。
410  0 @12001 @a材料科学与工程系列
461  0 @12001 @a材料科学与工程系列
606 0  @a固体物理学@Agu ti wu li xue
690    @aO48@v5
701  0 @a韦丹@Awei dan@4著
801  0 @aCN@b树人教育@c20110112
905    @aBZT@dO48@e2
906    @dCNY33.00@n0@r1
    
    固体物理/韦丹 著.-第2版.-北京:清华大学出版社,2007.10
    10, 278页:图;26cm.-(材料科学与工程系列)
    
    
    ISBN 978-7-302-15996-4:CNY33.00
    作为一本简明的固体物理教材,作者力图从原创的科学家的思想出发,介绍固体物理学中主要的概念、实验和理论,其中包括了固体物理学史、化学键与晶体形成、固体结构、晶体振动和固体热性质、固体电子理论、固体的电性质(输运过程)、固体的磁性、固体的介电性质和光学性质等内容。
●
相关链接 在五车中查询图书 在当当中查询图书 在豆瓣中查询图书


正题名:固体物理     索取号:O48/2         预约/预借

序号 登录号 条形码 馆藏地/架位号 状态 备注
1 752252   2000752252   样本书库/样002架B面4层2列/ [索取号:O48/2] 在馆    
2 752253   2000752253   中心书库北库/ 北库021架B面1列5层12/ [索取号:O48/2] 在馆    
3 752254   2000752254   中心书库北库/ 北库021架B面1列5层16/ [索取号:O48/2] 在馆    
4 752255   2000752255   中心书库北库/ 北库021架B面1列5层13/ [索取号:O48/2] 在馆    
5 752256   2000752256   中心书库北库/ 北库021架B面1列5层15/ [索取号:O48/2] 在馆    
6 752257   2000752257   中心书库北库/ 北库021架B面1列5层14/ [索取号:O48/2] 在馆    
山东省滨州职业学院图书馆 欢迎您!
大连网信软件有限公司© 版权所有